000 01201nam a2200265 i 4500
003 DO-SdBNP
005 20240709091920.0
007 ta
008 221201e2022 dr ao||gr|||| 001 0 spa d
020 _a9789945221923
040 _aDO-SdBNP
_bspa
_cBNPHU
_erda
082 4 _222
_bT796d
245 0 0 _aTres décadas de historia:
_blos premios soberano de Acroarte. /
_cCompilador y editor, Máximo Jiménez; textos, Arismendy Vásquez Guareño, Carlos Cepeda Suriel
264 1 _aSanto Domingo :
_bAcroarte,
_c2022
300 _a467 p. :
_bil. fotograf. ;
_c30 cm.
590 _aInventariado 2024 / MF
650 4 _938856
_aAsociación de Cronistas de Artes (República Dominicana)
_xHistoria
_y1984 - 2022
650 4 _934564
_aPremios Soberano
_xHistoria
_y1984 - 2022
_zRepública Dominicana
650 4 _960919
_aArtes Escénicas
_vPremios Soberano
_xHistoria
_y1984 - 2022
_zRepública Dominicana
651 4 _aRepública Dominicana
_vPremios Soberano
_xPremios y Reconocimientos de las Artes Escénicas
_y1984 - 2022
_982955
700 1 _975836
_aJiménez, Máximo,
_ecompilador
700 1 _979252
_aVásquez Guareño, Arismendy,
_etexto
700 1 _928009
_aCepeda Suriel, Carlos
_etexto
942 _2ddc
_cLBS1
999 _c53045
_d53045